| 000 | 01023cab a2200217 4500 | ||
|---|---|---|---|
| 001 | ##ABS50897 | ||
| 008 | 090401t1994 xxu||||| |||| 00| 0 eng d | ||
| 035 | _a(Sirsi) u580 | ||
| 041 | 0 | _aeng | |
| 100 | 1 | _aBright, S. | |
| 245 | 0 | 0 |
_aEnfranchisement _ba fair deal for all or for none? |
| 260 | _c1994 | ||
| 350 | _a0 | ||
| 490 | 0 |
_aConveyancer and Property Lawyer _v(1994) Conv 211-222(12) |
|
| 520 | _aExamines the complexities of the Leasehold Reform, Housing and Urban Development Act 1993,looking specifically at the issue of enfranchisement, and considering aspects such as injustice to the tenant, extending home ownership and leases as a wasting asset. Compares earlier acts and looks at implications for tenants. Law Commission proposals are also analysed. | ||
| 650 | 2 | 4 | _aLEASEHOLD REFORM, HOUSING AND URBAN DEVELOPMENT ACT 1993 |
| 651 | 4 |
_aEngland and Wales _y1543- |
|
| 690 | _aPROPERTY-RESIDENTIAL PROPERTY-RESIDENTIAL PROPERTY TENURE-LEASEHOLD RESIDENTIAL PROPERTY | ||
| 942 | _n0 | ||
| 948 | _c04/03/1997 | ||
| 999 |
_c279 _d279 |
||